000 00317nam a2200133Ia 4500
005 20251222155126.0
008 251222s9999||||xx |||||||||||||| ||spa||
082 _aSIC.35
100 _aORTIZ de MASCHWI.
245 0 _aInteligencias MĂșltiples en la Educac.
250 _a1ra. ed.
264 _bBonum
942 _cLIB
999 _c38607
_d38607